[Event "ESP-chT Rapid"]
[Site "Toledo"]
[Date "2022.09.24"]
[Round "4"]
[White "Escudero Manzano, Alejandro"]
[Black "Garcia Moreno, Carlos"]
[Result "1-0"]
[WhiteElo "2223"]
[BlackElo "2268"]
[PlyCount "61"]
[EventDate "2022.09.24"]
[EventType "team-swiss (rapid)"]
[EventRounds "9"]
[EventCountry "ESP"]
[SourceTitle "CBM 210 Extra"]
[Source "ChessBase"]
[SourceDate "2022.11.30"]
[SourceVersion "1"]
[SourceVersionDate "2022.11.30"]
[SourceQuality "1"]
[WhiteTeam "Costa Calida II"]
[BlackTeam "Tomelloso"]
[WhiteTeamCountry "ESP"]
[BlackTeamCountry "ESP"]

1. e4 e5 2. Nf3 Nc6 3. Bc4 Bc5 4. c3 Nf6 5. d3 a6 6. a4 Ba7 7. 0-0 0-0 8. Bg5 h6 9. Bh4 d6 10. Nbd2 Ne7 11. Bxf6 gxf6 12. Nh4 Kg7 13. Kh1 f5 14. f4 exf4 15. Rxf4 fxe4 16. dxe4 Ng6 17. Nf5+ Bxf5 18. Rxf5 Ne5 19. Bb3 Qh4 20. Nf3 Qxe4 21. Bc2 Qg4 22. h3 Qg3 23. Nxe5 dxe5 24. Qh5 Qg6 25. Qf3 Rad8 26. Be4 Rd2 27. Rxe5 Qf6 28. Rf5 Qh4 29. Rf1 Rf2 30. Rxf2 Bxf2 31. Rf4 1-0

[Event "ESP-ch 81st"]
[Site "Linares"]
[Date "2016.08.11"]
[Round "7"]
[White "Suarez Uriel, Adrian"]
[Black "Escudero Manzano, Alejandro"]
[Result "1-0"]
[WhiteElo "2311"]
[BlackElo "2233"]
[PlyCount "77"]
[EventDate "2016.08.05"]
[EventType "swiss"]
[EventRounds "9"]
[EventCountry "ESP"]
[SourceTitle "CBM 173 Extra"]
[Source "ChessBase"]
[SourceDate "2016.08.29"]
[SourceVersion "1"]
[SourceVersionDate "2016.08.29"]
[SourceQuality "1"]

1. e4 c5 2. Nf3 e6 3. b3 d5 4. exd5 exd5 5. Bb5+ Nc6 6. Ne5 Qc7 7. Qe2 Be6 8. f4 Nge7 9. 0-0 0-0-0 10. Bb2 d4 11. c3 Nxe5 12. fxe5 a6 13. Bc4 Nc6 14. Bxe6+ fxe6 15. cxd4 cxd4 16. Na3 Qxe5 17. Qg4 Bxa3 18. Bxa3 Kb8 19. Rf7 g5 20. Rc1 h5 21. Qf3 Qd5 22. Qf6 Rhg8 23. d3 Qe5 24. Qf1 Rg7 25. Rf8 Rgd7 26. Rf6 Qa5 27. Bc5 Rd5 28. b4 Qxa2 29. b5 axb5 30. Bb6 Rc8 31. Ra1 Qb2 32. Rf2 Qxa1 33. Qxa1 b4 34. Ra2 Na5 35. Rxa5 Rxa5 36. Qxa5 Rc1+ 37. Kf2 b3 38. Qe5+ Kc8 39. Qxe6+ 1-0

[Event "ESP-ch 81st"]
[Site "Linares"]
[Date "2016.08.09"]
[Round "5"]
[White "Andres Gonzalez, Ivan"]
[Black "Escudero Manzano, Alejandro"]
[Result "1-0"]
[WhiteElo "2326"]
[BlackElo "2233"]
[PlyCount "105"]
[EventDate "2016.08.05"]
[EventType "swiss"]
[EventRounds "9"]
[EventCountry "ESP"]
[SourceTitle "CBM 173 Extra"]
[Source "ChessBase"]
[SourceDate "2016.08.29"]
[SourceVersion "1"]
[SourceVersionDate "2016.08.29"]
[SourceQuality "1"]

1. e4 c5 2. Nf3 e6 3. Nc3 a6 4. d4 cxd4 5. Nxd4 b5 6. Be2 Bb7 7. Bf3 Qc7 8. 0-0 Nc6 9. Nxc6 dxc6 10. e5 Qxe5 11. Re1 Qd6 12. Qe2 Nf6 13. a4 b4 14. Ne4 Nxe4 15. Qxe4 Qc7 16. Bf4 Bd6 17. Bxd6 Qxd6 18. Rad1 Qc5 19. Qd4 Qxd4 20. Rxd4 a5 21. Red1 0-0 22. Rd7 Ba6 23. b3 g5 24. Bxc6 Rab8 25. R1d6 Rb6 26. f3 Kg7 27. Be4 Rfb8 28. g4 h6 29. Kf2 Kf6 30. Rxb6 Rxb6 31. Ra7 Rd6 32. Ke3 Kg7 33. Rc7 Rd1 34. Rc5 Re1+ 35. Kd4 Rd1+ 36. Ke3 Re1+ 37. Kd2 Re2+ 38. Kc1 Rxh2 39. Rxa5 Be2 40. Rc5 Rh3 41. a5 Bxf3 42. Bxf3 Rxf3 43. a6 Rf1+ 44. Kb2 Rd1 45. a7 Rd8 46. c3 bxc3+ 47. Kxc3 f5 48. Ra5 Ra8 49. b4 fxg4 50. b5 g3 51. b6 g2 52. Ra1 h5 53. Rg1 1-0

[Event "ESP-ch 79th"]
[Site "Linares"]
[Date "2014.09.01"]
[Round "8"]
[White "Escudero Manzano, Alejandro"]
[Black "Pallardo Lozoya, Jose Vicente"]
[Result "1-0"]
[WhiteElo "2283"]
[BlackElo "2387"]
[PlyCount "109"]
[EventDate "2014.08.25"]
[EventType "swiss"]
[EventRounds "9"]
[EventCountry "ESP"]
[SourceTitle "CBM 162 Extra"]
[Source "ChessBase"]
[SourceDate "2014.10.17"]
[SourceVersion "1"]
[SourceVersionDate "2014.10.17"]
[SourceQuality "1"]

1. e4 e6 2. d4 d5 3. Nc3 Nf6 4. Bg5 dxe4 5. Nxe4 Be7 6. Bxf6 gxf6 7. Nf3 f5 8. Ng3 c5 9. Bb5+ Bd7 10. Bxd7+ Qxd7 11. Qe2 cxd4 12. Qe5 Rg8 13. Nxd4 Nc6 14. Nxc6 Qxc6 15. 0-0-0 Rc8 16. c3 Qc5 17. Qe1 b5 18. Kb1 a5 19. Qd2 Rg4 20. f3 Rc4 21. Ne2 b4 22. cxb4 Qxb4 23. Qxb4 Rxb4 24. Rd4 Rxd4 25. Nxd4 Bf6 26. Nb5 Rd8 27. Kc2 a4 28. Na3 Rc8+ 29. Kb1 Rb8 30. Nc4 Bxb2 31. Kc2 Bf6 32. Rb1 Ra8 33. Rb7 Be7 34. Kc3 Ra6 35. Rb8+ Bd8 36. Kb4 Kd7 37. Kb5 Bc7 38. Rb7 Rd6 39. Nxd6 Kxd6 40. Kxa4 Kc6 41. Rb4 Bxh2 42. Rh4 Bg1 43. Rxh7 f6 44. Kb4 Kd5 45. Kc3 e5 46. Rd7+ Ke6 47. Rd1 Bb6 48. Kd3 f4 49. Rb1 Bf2 50. a4 f5 51. a5 Kd5 52. Rb5+ Bc5 53. a6 e4+ 54. Ke2 Kc6 55. Rxc5+ 1-0

[Event "ESP-ch 79th"]
[Site "Linares"]
[Date "2014.08.31"]
[Round "7"]
[White "Escudero Manzano, Alejandro"]
[Black "Ibarra Jerez, Jose Carlos"]
[Result "0-1"]
[WhiteElo "2283"]
[BlackElo "2521"]
[PlyCount "116"]
[EventDate "2014.08.25"]
[EventType "swiss"]
[EventRounds "9"]
[EventCountry "ESP"]
[SourceTitle "CBM 162 Extra"]
[Source "ChessBase"]
[SourceDate "2014.10.17"]
[SourceVersion "1"]
[SourceVersionDate "2014.10.17"]
[SourceQuality "1"]

1. e4 c5 2. Nf3 e6 3. d4 cxd4 4. Nxd4 a6 5. c4 Nf6 6. Nc3 Bb4 7. Bd3 Nc6 8. Nc2 Bc5 9. Be3 d6 10. 0-0 0-0 11. a3 e5 12. b4 Bxe3 13. Nxe3 Be6 14. Rc1 a5 15. b5 Nd4 16. Ne2 Qb6 17. Nxd4 Qxd4 18. Bb1 Qc5 19. Qd3 Rfd8 20. Kh1 Rac8 21. f4 exf4 22. Rxf4 Nd7 23. Nd5 Ne5 24. Qg3 Ng6 25. Rff1 Qd4 26. Bd3 Kh8 27. Be2 Qxe4 28. Bd3 Qh4 29. Qxh4 Nxh4 30. Nb6 Rc7 31. Rfd1 Re8 32. Be4 Nf5 33. Bxf5 Bxf5 34. Rxd6 g6 35. Kg1 Re2 36. c5 Be4 37. Rd8+ Kg7 38. Nd5 Rxg2+ 39. Kf1 Bxd5 40. Rxd5 Rxh2 41. Rc3 Rb2 42. a4 Rb4 43. c6 bxc6 44. bxc6 Rxa4 45. Ke2 Re4+ 46. Kd3 Re6 47. Rdc5 Rd6+ 48. Kc2 h5 49. Kb3 Rd4 50. Rxa5 h4 51. Rb5 Rd6 52. Rbc5 h3 53. Rxh3 Rdxc6 54. Rb5 Rc1 55. Kb2 R7c2+ 56. Ka3 Ra1+ 57. Kb3 Rb1+ 58. Kxc2 Rxb5 0-1

[Event "ESP-ch 79th"]
[Site "Linares"]
[Date "2014.08.27"]
[Round "3"]
[White "Escudero Manzano, Alejandro"]
[Black "Ruperez Benito, Antonio"]
[Result "1-0"]
[WhiteElo "2283"]
[BlackElo "2018"]
[PlyCount "69"]
[EventDate "2014.08.25"]
[EventType "swiss"]
[EventRounds "9"]
[EventCountry "ESP"]
[SourceTitle "CBM 162 Extra"]
[Source "ChessBase"]
[SourceDate "2014.10.17"]
[SourceVersion "1"]
[SourceVersionDate "2014.10.17"]
[SourceQuality "1"]

1. e4 e6 2. d4 d5 3. exd5 exd5 4. c4 Nf6 5. Nc3 Be6 6. cxd5 Nxd5 7. Nf3 Be7 8. Bd3 Nd7 9. 0-0 0-0 10. Ne4 h6 11. Ng3 c5 12. Bb1 Re8 13. Qd3 N7f6 14. a3 c4 15. Qc2 b5 16. Nh5 Qb6 17. Nxf6+ Nxf6 18. Re1 Bd6 19. Be3 Bd5 20. Ne5 Bxe5 21. dxe5 Rxe5 22. Qc3 Rae8 23. Bh7+ Kxh7 24. Bxb6 Rxe1+ 25. Rxe1 Rxe1+ 26. Qxe1 axb6 27. Qe5 Kg6 28. Qd6 Be6 29. Qxb6 Bd7 30. f3 h5 31. Kf2 Kf5 32. Qd6 Kg6 33. h3 Kh7 34. Ke3 Kg6 35. g4 1-0

[Event "ESP-ch rapid"]
[Site "Linares"]
[Date "2013.08.26"]
[Round "5"]
[White "Escudero Manzano, Alejandro"]
[Black "Ibarra Jerez, Jose Carlos"]
[Result "1-0"]
[WhiteElo "2222"]
[BlackElo "2538"]
[PlyCount "117"]
[EventDate "2013.08.26"]
[EventType "swiss (rapid)"]
[EventRounds "9"]
[EventCountry "ESP"]
[SourceTitle "CBM 156 Extra"]
[Source "ChessBase"]
[SourceDate "2013.10.22"]
[SourceVersion "1"]
[SourceVersionDate "2013.10.22"]
[SourceQuality "1"]

1. e4 c5 2. Nf3 Nf6 3. e5 Nd5 4. c3 e6 5. d4 cxd4 6. cxd4 d6 7. Bc4 Nc6 8. exd6 Bxd6 9. 0-0 0-0 10. Nc3 Nxc3 11. bxc3 Qc7 12. Bd3 h6 13. Qe2 e5 14. h3 exd4 15. cxd4 Nb4 16. Be3 Nxd3 17. Qxd3 Qa5 18. d5 Bd7 19. Rfd1 Rac8 20. Nd4 Qa4 21. Nf5 Bxf5 22. Qxf5 Rc4 23. Rdc1 a6 24. Rxc4 Qxc4 25. Rd1 Rd8 26. Qb1 b5 27. g3 Be5 28. Qf5 Bf6 29. d6 Qc6 30. d7 g6 31. Qg4 h5 32. Qf4 Be7 33. Qd4 Qe6 34. Qd5 Qxh3 35. Bb6 Rf8 36. d8Q Bxd8 37. Bxd8 Re8 38. Bf6 Qg4 39. Qd8 Kf8 40. Qd6+ Kg8 41. Qd7 Re1+ 42. Kg2 Qe4+ 43. f3 Qe2+ 44. Kh3 g5 45. Qc8+ Kh7 46. Qh8+ Kg6 47. Qg7+ Kf5 48. Rd5+ Ke6 49. Re5+ Qxe5 50. Bxe5 Rxe5 51. Qh6+ f6 52. Qxh5 a5 53. Qe8+ Kf5 54. Qf7 Re6 55. Qd7 b4 56. Kg2 Ke5 57. f4+ gxf4 58. gxf4+ Kf5 59. Qd5+ 1-0

[Event "La Roda op 40th"]
[Site "La Roda"]
[Date "2013.03.29"]
[Round "5"]
[White "Escudero Manzano, Alejandro"]
[Black "Ibarra Jerez, Jose Carlos"]
[Result "0-1"]
[WhiteElo "2216"]
[BlackElo "2544"]
[PlyCount "166"]
[EventDate "2013.03.27"]
[EventType "swiss"]
[EventRounds "9"]
[EventCountry "ESP"]
[SourceTitle "CBM 153 Extra"]
[Source "ChessBase"]
[SourceDate "2013.04.22"]
[SourceVersion "1"]
[SourceVersionDate "2013.04.22"]
[SourceQuality "1"]

1. e4 c5 2. Nf3 e6 3. d4 cxd4 4. Nxd4 Qb6 5. Nb3 Qc7 6. Bd3 Nf6 7. 0-0 d6 8. Nc3 a6 9. a4 b6 10. f4 Nc6 11. Kh1 Be7 12. Be3 0-0 13. Bg1 Re8 14. Qf3 Nd7 15. Nd4 Bb7 16. Qh3 Nb4 17. Rac1 Rac8 18. Nde2 Bf8 19. Rfd1 Nc5 20. Ng3 g6 21. Be2 Bg7 22. Bd4 e5 23. fxe5 dxe5 24. Bxc5 Qxc5 25. Bf3 Rcd8 26. Qh4 f6 27. Nge2 Rxd1+ 28. Rxd1 Nxc2 29. Nd5 Bxd5 30. exd5 Qb4 31. Qxb4 Nxb4 32. d6 Rd8 33. Bb7 Kf7 34. d7 Ke7 35. Bc8 f5 36. b3 Bh6 37. g4 Ke6 38. Kg2 Nd5 39. gxf5+ gxf5 40. Rd3 Ne3+ 41. Kf2 Ng4+ 42. Kg3 a5 43. Rc3 Kd6 44. Rd3+ Ke7 45. Nc3 e4 46. Rd5 Ke6 47. Rb5 Be3 48. Nxe4 Ne5 49. Nc3 Bc5 50. Ne2 Rg8+ 51. Kh3 Nxd7 52. Nf4+ Kd6 53. Bxd7 Kxd7 54. Nd3 Kc6 55. b4 axb4 56. Nxb4+ Kd6 57. Nd3 Ra8 58. Nb2 Kc6 59. Rb3 Bd4 60. Nd3 Rxa4 61. Kg3 Kd5 62. Nc1 Be5+ 63. Kh3 Rc4 64. Ne2 Rc2 65. Rb5+ Ke4 66. Ng3+ Bxg3 67. hxg3 Rc6 68. Kh4 Rf6 69. Rb4+ Kd5 70. Kg5 Kc5 71. Rb3 Rf7 72. Kf4 b5 73. Rf3 Kd4 74. Rb3 Kc4 75. Rf3 Rd7 76. Ke5 Rd3 77. Rf4+ Kc3 78. Rxf5 b4 79. Kf4 b3 80. Rc5+ Kd2 81. Rb5 Kc2 82. g4 b2 83. Ke4 Rb3 0-1

[Event "La Roda op 40th"]
[Site "La Roda"]
[Date "2013.03.28"]
[Round "3"]
[White "Escudero Manzano, Alejandro"]
[Black "Munoz Pantoja, Miguel Angel"]
[Result "0-1"]
[WhiteElo "2216"]
[BlackElo "2483"]
[PlyCount "112"]
[EventDate "2013.03.27"]
[EventType "swiss"]
[EventRounds "9"]
[EventCountry "ESP"]
[SourceTitle "CBM 153 Extra"]
[Source "ChessBase"]
[SourceDate "2013.04.22"]
[SourceVersion "1"]
[SourceVersionDate "2013.04.22"]
[SourceQuality "1"]

1. e4 c5 2. Nf3 Nc6 3. d4 cxd4 4. Nxd4 e5 5. Nb5 d6 6. N1c3 a6 7. Na3 Be7 8. Nc4 b5 9. Ne3 Nf6 10. Ned5 0-0 11. Nxf6+ Bxf6 12. Nd5 Be6 13. Be3 Bg5 14. Qd2 Bxe3 15. Nxe3 Qh4 16. g3 Qh6 17. Bg2 Rfd8 18. 0-0 Rac8 19. Rfd1 g6 20. c3 Kh8 21. Nd5 Qxd2 22. Rxd2 Na5 23. Ne3 Nc4 24. Re2 Kg7 25. a4 b4 26. cxb4 Rb8 27. b5 axb5 28. axb5 Nxe3 29. fxe3 Rxb5 30. Rd2 Rdb8 31. Ra6 Rb3 32. Kf2 Rxb2 33. Raxd6 R2b4 34. Rc6 R8b5 35. Rcd6 Rc5 36. Rd8 h5 37. R8d6 Kh6 38. Rd8 Kg5 39. R8d6 h4 40. gxh4+ Kxh4 41. Rd8 Kg5 42. Kg3 Ra5 43. R8d6 Bc4 44. Kf2 Ra3 45. Rc6 Bd3 46. Rc5 f6 47. Rc6 Bxe4 48. h4+ Kxh4 49. Bxe4 Rxe4 50. Rxf6 g5 51. Re2 Rea4 52. e4 g4 53. Rf5 Rh3 54. Rxe5 Rh2+ 55. Kf1 Ra1+ 56. Re1 Rh1+ 0-1

[Event "ESP-ch U16"]
[Site "Salobrena"]
[Date "2012.07.21"]
[Round "9"]
[White "Perez Barreto, Adrian"]
[Black "Escudero Manzano, Alejandro"]
[Result "0-1"]
[WhiteElo "1961"]
[BlackElo "2129"]
[PlyCount "108"]
[EventDate "2012.07.16"]
[EventType "swiss"]
[EventRounds "9"]
[EventCountry "ESP"]
[SourceTitle "EXT 2014"]
[Source "ChessBase"]
[SourceDate "2013.11.20"]
[SourceVersion "1"]
[SourceVersionDate "2013.11.20"]
[SourceQuality "1"]

1. d4 Nf6 2. c4 c5 3. d5 g6 4. Nc3 d6 5. e4 Bg7 6. f4 0-0 7. Nf3 Bg4 8. Be2 e6 9. h3 Bxf3 10. Bxf3 exd5 11. cxd5 Re8 12. 0-0 Nbd7 13. Re1 a6 14. a4 Rb8 15. g4 h6 16. a5 b5 17. axb6 Rxb6 18. h4 Nh7 19. g5 hxg5 20. hxg5 f6 21. gxf6 Bxf6 22. Re2 Kg7 23. Rg2 Bd4+ 24. Kf1 Qh4 25. Ke2 Ndf6 26. Kd3 Kf7 27. Qe2 Nf8 28. Kc2 Qh3 29. Qd3 Reb8 30. Re2 N8d7 31. Rg2 Nf8 32. Re2 N8d7 33. Rg2 Rg8 34. Bd2 g5 35. e5 g4 36. e6+ Ke7 37. Be4 Qxd3+ 38. Bxd3 Nb8 39. Bc4 Rh8 40. f5 Rh5 41. Rf1 a5 42. b3 Na6 43. Na4 Nb4+ 44. Bxb4 Rxb4 45. Rg3 Be5 46. Rg2 g3 47. Nc3 Ng4 48. Kd3 Rh2 49. Rxh2 gxh2 50. Ne4 a4 51. Kc2 axb3+ 52. Kd3 b2 53. f6+ Nxf6 54. Nxf6 b1Q+ 0-1

[Event "ESP-ch U16"]
[Site "Salobrena"]
[Date "2012.07.18"]
[Round "5"]
[White "Escudero Manzano, Alejandro"]
[Black "Rojano Alfonso, Carlos"]
[Result "1/2-1/2"]
[WhiteElo "2129"]
[BlackElo "2084"]
[PlyCount "84"]
[EventDate "2012.07.16"]
[EventType "swiss"]
[EventRounds "9"]
[EventCountry "ESP"]
[SourceTitle "EXT 2014"]
[Source "ChessBase"]
[SourceDate "2013.11.20"]
[SourceVersion "1"]
[SourceVersionDate "2013.11.20"]
[SourceQuality "1"]

1. e4 e6 2. d4 d5 3. Nc3 Bb4 4. Nge2 dxe4 5. a3 Bxc3+ 6. Nxc3 Nc6 7. Bb5 Bd7 8. Nxe4 a6 9. Be2 Nge7 10. Bg5 h6 11. Bh4 Qc8 12. Bxe7 Nxe7 13. Qd3 Bc6 14. 0-0-0 Qd7 15. Bf3 0-0-0 16. Nc5 Qd6 17. Bxc6 Qxc6 18. f3 Kb8 19. Qe4 Qb6 20. Rd3 Qc6 21. Qe5 Nf5 22. Nb3 Rd5 23. Qf4 b6 24. Kb1 Rhd8 25. Rhd1 Qd6 26. Qxd6 R5xd6 27. g4 Ne7 28. f4 g5 29. Rf1 f5 30. gxf5 exf5 31. fxg5 hxg5 32. Re3 R8d7 33. Rg1 Rg6 34. c3 g4 35. Reg3 Rh6 36. h3 gxh3 37. Rh1 h2 38. Rg2 f4 39. Rgxh2 Rxh2 40. Rxh2 Nd5 41. Rf2 Rf7 42. Nd2 Ne3 1/2-1/2

[Event "ESP-ch U16"]
[Site "Salobrena"]
[Date "2012.07.18"]
[Round "4"]
[White "Santos Latasa, Jaime"]
[Black "Escudero Manzano, Alejandro"]
[Result "1/2-1/2"]
[WhiteElo "2399"]
[BlackElo "2129"]
[PlyCount "103"]
[EventDate "2012.07.16"]
[EventType "swiss"]
[EventRounds "9"]
[EventCountry "ESP"]
[SourceTitle "EXT 2014"]
[Source "ChessBase"]
[SourceDate "2013.11.20"]
[SourceVersion "1"]
[SourceVersionDate "2013.11.20"]
[SourceQuality "1"]

1. e4 c5 2. Nf3 Nc6 3. Nc3 g6 4. d4 cxd4 5. Nxd4 Bg7 6. Nde2 Nf6 7. g3 0-0 8. Bg2 d6 9. 0-0 a6 10. Re1 Bd7 11. Nd5 Nxd5 12. exd5 Ne5 13. h3 Rc8 14. Nd4 b5 15. c3 Nc4 16. Qe2 Re8 17. Bg5 Qb6 18. Rad1 h6 19. Bc1 b4 20. Nc6 Bxc6 21. dxc6 Ne5 22. Be3 Qb5 23. cxb4 Nxc6 24. a3 Ne5 25. Bd4 Nc4 26. Bxg7 Kxg7 27. Bd5 Ne5 28. f4 Qb6+ 29. Kg2 Nd7 30. Rc1 e6 31. Be4 d5 32. Bd3 Ra8 33. Qf2 Qd6 34. Qd4+ Kg8 35. Rc2 e5 36. fxe5 Rxe5 37. Rce2 Rae8 38. Rxe5 Rxe5 39. Rxe5 Nxe5 40. Bxa6 Qxa6 41. Qxe5 Qd3 42. h4 h5 43. Kf2 d4 44. Qe8+ Kg7 45. Qe2 Qf5+ 46. Kg2 Kh7 47. a4 d3 48. Qd2 Qe4+ 49. Kf2 Qd4+ 50. Kf3 Qg4+ 51. Kf2 Qd4+ 52. Kf3 1/2-1/2

[Event "ESP-ch U16"]
[Site "Salobrena"]
[Date "2012.07.16"]
[Round "1"]
[White "Jimenez Penafiel, Gustavo"]
[Black "Escudero Manzano, Alejandro"]
[Result "0-1"]
[WhiteElo "1784"]
[BlackElo "2129"]
[PlyCount "50"]
[EventDate "2012.07.16"]
[EventType "swiss"]
[EventRounds "9"]
[EventCountry "ESP"]
[SourceTitle "EXT 2014"]
[Source "ChessBase"]
[SourceDate "2013.11.20"]
[SourceVersion "1"]
[SourceVersionDate "2013.11.20"]
[SourceQuality "1"]

1. e4 c5 2. Nf3 Nc6 3. d4 cxd4 4. Nxd4 Nf6 5. Nc3 e5 6. Ndb5 d6 7. Nd5 Nxd5 8. exd5 Nb8 9. Bd3 Be7 10. c4 0-0 11. 0-0 a6 12. Nc3 f5 13. b3 Bf6 14. Be2 e4 15. Qc2 Nd7 16. Bb2 Be5 17. Rac1 Nf6 18. Rfd1 f4 19. Ba1 f3 20. gxf3 exf3 21. Bxf3 Ng4 22. Qe2 Qh4 23. Ne4 Qxh2+ 24. Kf1 Qh3+ 25. Bg2 Ne3+ 0-1

[Event "La Roda op 38th"]
[Site "La Roda"]
[Date "2011.04.22"]
[Round "4"]
[White "Almagro Llamas, Pablo"]
[Black "Escudero Manzano, Alejandro"]
[Result "1-0"]
[WhiteElo "2472"]
[BlackElo "2171"]
[PlyCount "47"]
[EventDate "2011.04.20"]
[EventType "swiss"]
[EventRounds "9"]
[EventCountry "ESP"]
[SourceTitle "EXT 2012"]
[Source "ChessBase"]
[SourceDate "2011.11.24"]
[SourceVersion "1"]
[SourceVersionDate "2011.11.24"]
[SourceQuality "1"]

1. e4 c5 2. Nf3 Nc6 3. Bb5 Nf6 4. Qe2 g6 5. 0-0 Bg7 6. c3 0-0 7. d4 cxd4 8. cxd4 a6 9. Ba4 b5 10. Bb3 d6 11. e5 dxe5 12. dxe5 Nd5 13. Rd1 e6 14. Bg5 Qc7 15. Bxd5 exd5 16. Nc3 Nxe5 17. Nxd5 Qc4 18. Qxe5 Bxe5 19. Nxe5 Qc2 20. Re1 Qxb2 21. Bf6 h6 22. Nxg6 Qxf2+ 23. Kxf2 fxg6 24. Re7 1-0

[Event "La Roda op 38th"]
[Site "La Roda"]
[Date "2011.04.21"]
[Round "2"]
[White "Larino Nieto, David"]
[Black "Escudero Manzano, Alejandro"]
[Result "0-1"]
[WhiteElo "2475"]
[BlackElo "2171"]
[PlyCount "96"]
[EventDate "2011.04.20"]
[EventType "swiss"]
[EventRounds "9"]
[EventCountry "ESP"]
[SourceTitle "EXT 2012"]
[Source "ChessBase"]
[SourceDate "2011.11.24"]
[SourceVersion "1"]
[SourceVersionDate "2011.11.24"]
[SourceQuality "1"]

1. e4 c5 2. Nc3 Nc6 3. g3 g6 4. Bg2 Bg7 5. d3 d6 6. f4 e6 7. Nf3 Nge7 8. 0-0 0-0 9. Be3 Nd4 10. Bf2 b6 11. g4 Rb8 12. Nxd4 cxd4 13. Ne2 e5 14. f5 Bb7 15. Qd2 Qd7 16. Bh4 f6 17. c3 dxc3 18. Nxc3 g5 19. Bg3 d5 20. h4 h6 21. hxg5 hxg5 22. Qd1 Kh7 23. Rf2 Rbd8 24. Qb3 dxe4 25. dxe4 Nc6 26. Nd5 Nd4 27. Qa3 Bxd5 28. exd5 Rfe8 29. Be4 Bf8 30. Qd3 Bc5 31. Rh2+ Kg7 32. Kg2 Rh8 33. Qd2 Rxh2+ 34. Bxh2 Bd6 35. Bg1 Rh8 36. Bf2 Qa4 37. Qd1 Qb4 38. Rb1 Ne6 39. Qe1 Nf4+ 40. Kf3 Qa4 41. Rc1 Qxa2 42. Rc2 Qa4 43. Bg3 Rh3 44. b4 Bxb4 45. Rc7+ Kh6 46. Qb1 Qa3+ 47. Bd3 Nxd3 48. d6 Ne1+ 0-1

[Event "Roquetas de Mar op 22nd"]
[Site "Roquetas de Mar"]
[Date "2011.01.03"]
[Round "2"]
[White "Escudero Manzano, Alejandro"]
[Black "Teske, Henrik"]
[Result "0-1"]
[WhiteElo "2164"]
[BlackElo "2520"]
[PlyCount "66"]
[EventDate "2011.01.02"]
[EventType "swiss"]
[EventRounds "9"]
[EventCountry "ESP"]
[SourceTitle "CBM 140 Extra"]
[Source "ChessBase"]
[SourceDate "2011.03.01"]
[SourceVersion "1"]
[SourceVersionDate "2011.03.01"]
[SourceQuality "1"]

1. e4 Nc6 2. d4 d5 3. exd5 Qxd5 4. Nf3 Bg4 5. Be2 0-0-0 6. c3 e5 7. Be3 e4 8. Nfd2 Bxe2 9. Qxe2 f5 10. Nb3 Qf7 11. N1d2 Nf6 12. g3 h5 13. h4 Ng4 14. Bg5 Be7 15. Bxe7 Nxe7 16. 0-0-0 Nd5 17. Rde1 Rhe8 18. f3 e3 19. fxg4 exd2+ 20. Qxd2 hxg4 21. Kb1 Nf6 22. Nc5 Qd5 23. Qg5 b6 24. Nd3 Ne4 25. Qf4 c5 26. Ne5 g6 27. Nxg6 Qe6 28. h5 cxd4 29. cxd4 Rxd4 30. Rc1+ Kb7 31. Qc7+ Ka6 32. Nf4 Nd2+ 33. Ka1 Qxa2+ 0-1

[Event "Benidorm New Generation U16 06th"]
[Site "Benidorm"]
[Date "2010.12.07"]
[Round "5"]
[White "Escudero Manzano, Alejandro"]
[Black "Suarez Garcia, Carlos"]
[Result "1/2-1/2"]
[WhiteElo "2151"]
[BlackElo "2195"]
[PlyCount "130"]
[EventDate "2010.12.04"]
[EventType "swiss"]
[EventRounds "7"]
[EventCountry "ESP"]
[SourceTitle "EXT 2024"]
[Source "ChessBase"]
[SourceDate "2023.10.10"]
[SourceVersion "1"]
[SourceVersionDate "2023.10.10"]
[SourceQuality "1"]

1. e4 e6 2. d4 d5 3. Nc3 dxe4 4. Nxe4 Nd7 5. g3 Ngf6 6. Nxf6+ Qxf6 7. Bg2 Bd6 8. f4 c5 9. Be3 cxd4 10. Qxd4 e5 11. Qe4 0-0 12. 0-0-0 exf4 13. Bxf4 Bxf4+ 14. Qxf4 Qxf4+ 15. gxf4 Nf6 16. Nf3 Bf5 17. Nh4 Be4 18. Bxe4 Nxe4 19. Rd7 Nc5 20. Re7 Rfe8 21. Rhe1 Kf8 22. Rxe8+ Rxe8 23. Rxe8+ Kxe8 24. Kd2 Ke7 25. c4 Ke6 26. Ke3 g6 27. h3 a6 28. Nf3 f6 29. Nd4+ Kd6 30. Nf3 Ne6 31. b4 Ng7 32. Ke4 Nf5 33. a4 a5 34. bxa5 Kc5 35. Kd3 Kb4 36. Nd2 Kxa4 37. Ne4 Kxa5 38. Nxf6 h6 39. Kc3 Kb6 40. Nd7+ Kc7 41. Ne5 Ne7 42. Kd4 h5 43. Nd3 Kd6 44. Ke4 b6 45. Ne5 Kc5 46. Nd7+ Kxc4 47. Nxb6+ Kc5 48. Nd7+ Kc6 49. Nf8 Kd6 50. h4 Ng8 51. Nxg6 Ke6 52. f5+ Kf7 53. Kf4 Nf6 54. Kg5 Kg7 55. Kf4 Nd5+ 56. Ke5 Ne3 57. Ke6 Ng2 58. Ke7 Ne3 59. Ke6 Ng2 60. Ke5 Kf7 61. Nh8+ Kg7 62. Ng6 Kf7 63. Ke4 Kf6 64. Nf4 Nxh4 65. Nxh5+ Kg5 1/2-1/2

[Event "ESP-ch U14"]
[Site "Granada"]
[Date "2009.07.11"]
[Round "7"]
[White "Escudero Manzano, Alejandro"]
[Black "Meneses Gonzalez, Kevin Moises"]
[Result "1-0"]
[WhiteElo "1870"]
[BlackElo "2074"]
[PlyCount "139"]
[EventDate "2009.07.07"]
[EventType "swiss"]
[EventRounds "9"]
[EventCountry "ESP"]
[SourceTitle "CBM 131 Extra"]
[Source "ChessBase"]
[SourceDate "2009.09.03"]
[SourceVersion "2"]
[SourceVersionDate "2009.09.16"]
[SourceQuality "1"]

1. e4 c5 2. Nf3 d6 3. c3 Nf6 4. Bd3 Nc6 5. Bc2 Bg4 6. d4 cxd4 7. cxd4 Bxf3 8. gxf3 e5 9. d5 Nd4 10. Be3 Nxc2+ 11. Qxc2 Qd7 12. Nc3 Be7 13. 0-0-0 0-0 14. Kb1 b5 15. h4 a5 16. Ne2 b4 17. Ng3 Rfb8 18. Qd2 Bd8 19. h5 a4 20. Nf5 b3 21. a3 Rc8 22. Rc1 Rxc1+ 23. Rxc1 Nxh5 24. Qb4 Nf4 25. Bxf4 exf4 26. Qxd6 Qb5 27. Ka1 Bf6 28. Nh6+ Kh8 29. Nxf7+ Kg8 30. e5 Ra6 31. Qc7 Qxd5 32. exf6 Rxf6 33. Qd8+ Qxd8 34. Nxd8 Rd6 35. Nc6 Rd2 36. Rf1 Kf7 37. Ne5+ Ke6 38. Nc4 Rd3 39. Kb1 Rxf3 40. Nb6 g5 41. Kc1 Rd3 42. Nxa4 Kf5 43. Nc5 Rh3 44. a4 g4 45. a5 Rh6 46. Kd2 Rd6+ 47. Ke2 Rc6 48. Rc1 h5 49. Nxb3 Re6+ 50. Kf1 Re8 51. Nd4+ Kg5 52. Kg2 f3+ 53. Nxf3+ gxf3+ 54. Kxf3 Rb8 55. Rc2 Rb3+ 56. Kg2 h4 57. a6 Rb6 58. a7 Ra6 59. Rc7 Kg4 60. Rg7+ Kf4 61. b4 Ra3 62. b5 h3+ 63. Kh2 Ra2 64. Kxh3 Kf3 65. Rf7+ Ke2 66. b6 Ra3+ 67. Kg4 Ra4+ 68. f4 Ra1 69. Rf8 Rg1+ 70. Kf5 1-0